| 000 | 00830nam a22002537a 4500 | ||
|---|---|---|---|
| 003 | BPGM | ||
| 008 | 260618b2009 mx ||||| |||| 001 0 spa d | ||
| 020 | _a978-607-7619-11-6 | ||
| 040 |
_aBPGM _bspa |
||
| 041 |
_aspa _hspa |
||
| 082 | 0 | 4 |
_22009 _aCQ 861M/M843 _bC67 |
| 100 | _aMUNGUIA, DIONICIO | ||
| 245 | _aCONCIENCIA DE LAS RUINAS | ||
| 260 |
_aQUERETARO ; _bINSTITUTO QUERETANO DE LA CULTURA Y LAS ARTES , _c2009 . |
||
| 300 |
_a74 pàginas _c22.2 cm x 10.2 cm |
||
| 336 |
_2rdacontent _atexto _btxt |
||
| 337 |
_2rdamedia _asin mediación _bn |
||
| 338 |
_2rdacarrier _avolumen _bnc |
||
| 505 | _aES UN LIBRO DE POESÍA QUE HABLA SOBRE LA FRAGILIDAD DE LA VIDA Y EL OLVIDO. | ||
| 650 | _aLITERATURA Y RETÓRICA | ||
| 650 | _aLITERATURAS ESPAÑOLA Y PORTUGUESA | ||
| 650 | _aPOESÍA ESPAÑOLA | ||
| 942 |
_2ddc _cCOLQ |
||
| 999 |
_c68646 _d68646 |
||